LEADER 02156nam0 22004813i 450 001 AQ10009163 005 20251003044041.0 010 $a8838650225 100 $a20241218d1994 ||||0itac50 ba 101 | $aita$ceng 102 $ait 181 1$6z01$ai $bxxxe 182 1$6z01$an 183 1$6z01$anc$2RDAcarrier 200 1 $aMatrici$fFrank Ayres jr 210 $aMilano [etc.]$cMcGraw-Hill libri Italia$d1994 215 $a218 p.$d26 cm 225 | $aSchaum?s$v9 300 $aTrad. di Walter Malon 300 $aIn cop.: 340 problemi risolti. 410 0$1001TSA0002941$12001 $aSchaum?s$v9 500 10$aSchaum's outline of theory and problems of matrices$3RAV0151247$9RAVV061797$9437084 606 $aMatrici $2FIR$3CFIC015820$9I 606 $aMatrici algebriche$2FIR$3UBSC001536$9N 676 $a512.9$9FONDAMENTI DELL'ALGEBRA$v14 676 $a512.943$9Algebra scolastica. Determinanti e matrici$v20 676 $a512.9434$9TEORIA DELLE EQUAZIONI. MATRICI$v21 676 $a512.9434$9FONDAMENTI DELL'ALGEBRA. MATRICI$v22 676 $a512.9434$9MATEMATICA. Fondamenti dell'algebra. Matrici$v23 696 $aMatrici 699 $aMatrici algebriche$zMatrici 700 1$aAyres$b, Frank$3RAVV061797$4070$0110 790 1$aAyres$b, Frank$c $3CFIV149202$zAyres, Frank 801 3$aIT$bIT-000000$c20241218 850 $aIT-BN0095 $aIT-NA0312 901 $bNAP 01$cM/S $n$ 901 $bNAP SC$c40 $n$ 901 $bNAP 01$cSALA DING $n$ 912 $aAQ10009163 950 0$aBiblioteca Centralizzata di Ateneo$d 01M/S (AR) 15 984$e 01AR 0700159845 VMA A4 1 v.$fY $h20240118$i20240118$c1 v. in due copie$d 01SALA DING 512.9 AYR.ma$e 0102 0000020505 VMA A4 1 v.$fY $h19951110$i19951110$c1 v. in due copie$d 01SALA DING 512.9 AYR.ma$e 0102 0000021035 VMA A4(bis 1 v. (2. copia)$fY $h19951207$i19951207 977 $a 01$a SC 996 $aSchaum's outline of theory and problems of matrices$9437084 997 $aUNISANNIO